đŸŽ¶ Paroles "VoilĂ  l'Ă©tĂ©" Les NĂ©gresses Vertes - Statistiques

Statistiques générales
  • Ce quiz a Ă©tĂ© pris 70 fois
  • Le rĂ©sultat moyen est 141 sur 287
Statistiques - réponses
Mots % Correct
l'
98%
L'
98%
a
93%
A
93%
Ă 
93%
j'
91%
J'
91%
et
89%
Et
89%
le
86%
Le
86%
s'
86%
été,
84%
été
84%
été (X4)
84%
VoilĂ 
84%
C'
82%
c'
82%
la
77%
Les
75%
les
75%
d'
73%
est
70%
m'
68%
de
66%
en
66%
Il
66%
il
66%
soleil
64%
des
61%
Qu'
61%
On
52%
qui
52%
Qui
52%
Toujours
50%
fait
48%
me
48%
sont
48%
dans
45%
Dans
45%
nous
45%
se
45%
si
45%
je
43%
tout
43%
chaud
41%
filles
41%
Tous
41%
un
41%
aperçois
39%
ciel
39%
du
39%
Enfin
39%
ma
39%
mer
39%
pas
39%
y
39%
Y
39%
abeilles !
36%
belles
36%
ces
36%
sur
36%
vous
34%
Encore
32%
entends
32%
vie
32%
nuages
30%
Paris
30%
plage
30%
ça
27%
jolie
27%
plus
27%
ses
25%
éclaircit
23%
Mais
23%
ravis
23%
rĂȘve
23%
sous
23%
tĂȘte,
23%
tĂȘte
23%
quelle
20%
dieux
18%
font
18%
trop
18%
automne
16%
bonheur
16%
amours
14%
bourdonnent ?
14%
chier
14%
leurs
14%
plaisirs
14%
aigri
11%
amis
11%
midi
11%
Seine
11%
sens
11%
bras
9%
cocktail
9%
cons
9%
partis
9%
pense
9%
pousse
9%
relaxant
9%
rue
9%
rugir
9%
sue
9%
déjà
7%
envies
7%
filent
7%
métro
7%
passager
7%
pieds
7%
plutĂŽt
7%
retour
7%
Vivement
7%
abasourdit
5%
abruti
5%
argent
5%
dix
5%
oreilles
5%
rafraĂźchi
5%
avance
2%
chauffent
2%
jus
2%
Rillettes
2%
routes,
2%
saloperie !
2%
superflu
2%
transforme
2%
vont
2%
cuire
0%
culs
0%
danger
0%
devient
0%
doigts
0%
expriment
0%
noyés,
0%
phobie
0%
purulent
0%
souliers,
0%
torche-
0%
tue
0%
violemment
0%
voisins
0%
Aucun quiz correspondant
Distribution des résultats
% des personnes avec chaque résultat
Percentile par nombre de réponses
Votre historique - résultats
Vous n’avez pas pris ce quiz